| 000 | 00939pam a2200289 a 4500 | ||
|---|---|---|---|
| 001 | 014908587 | ||
| 003 | Uk | ||
| 005 | 20131204155757.0 | ||
| 008 | 090212t2010 xxua frb 001 0 eng d | ||
| 020 | _a0131365487 (pbk.) | ||
| 020 | _a9780131365483 (pbk.) | ||
| 082 | 0 | 4 |
_a004.678 _222 _bKUR |
| 100 | 1 |
_aKurose, James F. _95614 |
|
| 245 | 1 | 0 |
_aComputer networking : _ba top-down approach / _cJames F. Kurose, Keith W. Ross. |
| 250 |
_a5th ed. _binternational edition. |
||
| 260 |
_aBoston, United States : _bPearson, _cc.2010. |
||
| 300 |
_a888 p. : _bill. ; _c24 cm. |
||
| 500 | _aPrevious ed.: Harlow: Addison-Wesley, 2008. | ||
| 500 | _aIndex : p. 861-888. | ||
| 504 | _aBibliography : p. 831-860. | ||
| 650 | 0 |
_aInternet. _933749 |
|
| 650 | 0 |
_aComputer networks. _933750 |
|
| 653 |
_bCS _cSeptember2013 _cDecember2013 |
||
| 655 |
_vreading book _934232 |
||
| 700 | 1 |
_aRoss, Keith W., _d1956- _95617 |
|
| 942 |
_2ddc _cBB _k004.678 KUR |
||
| 999 |
_c17552 _d17524 |
||